000
00303nam a2200097Ia 4500
008
220204s9999 xx 000 0 und d
082
_a
631.4
_b
STU
245
0
_a
Studies on soil, climatic conditions and cultural practices for groundnut in North Mysore state
260
_a
Bangalore
_b
UAS
_c
1969
942
_c
BK
999
_c
21886
_d
21886